Introduction to accounting principles and procedures / (Record no. 9849)
[ view plain ]
| 000 -LEADER | |
|---|---|
| fixed length control field | 00547nam a22001817a 4500 |
| 003 - CONTROL NUMBER IDENTIFIER | |
| control field | SISC |
| 005 - DATE AND TIME OF LATEST TRANSACTION | |
| control field | 20160405133216.0 |
| 008 - FIXED-LENGTH DATA ELEMENTS--GENERAL INFORMATION | |
| fixed length control field | 130829t xxu||||| |||| 00| 0 eng d |
| 050 ## - LIBRARY OF CONGRESS CALL NUMBER | |
| Classification number | HF 5686 |
| Item number | .L732 1985 |
| 082 ## - DEWEY DECIMAL CLASSIFICATION NUMBER | |
| Classification number | HS 657 |
| Item number | L62 1985 |
| 100 ## - MAIN ENTRY--PERSONAL NAME | |
| Personal name | Lim, Juan D. B.B.A. |
| 9 (RLIN) | 15264 |
| 245 ## - TITLE STATEMENT | |
| Title | Introduction to accounting principles and procedures / |
| Statement of responsibility, etc | Juan D. Lim, B.B.A. and Jose C. Adriano B.C.S. |
| 260 ## - PUBLICATION, DISTRIBUTION, ETC. (IMPRINT) | |
| Place of publication, distribution, etc | Quezon City : |
| Name of publisher, distributor, etc | Rex Printing, |
| Date of publication, distribution, etc | 1985 |
| 300 ## - PHYSICAL DESCRIPTION | |
| Extent | 237 p. ; |
| Dimensions | 23 cm. |
| 650 ## - SUBJECT ADDED ENTRY--TOPICAL TERM | |
| Topical term or geographic name as entry element | Accounting |
| 9 (RLIN) | 1134 |
| 942 ## - ADDED ENTRY ELEMENTS (KOHA) | |
| Source of classification or shelving scheme | Library of Congress Classification |
| Koha item type | Books |
| Withdrawn status | Lost status | Source of classification or shelving scheme | Damaged status | Home library | Current library | Shelving location | Date acquired | Total Checkouts | Total Renewals | Full call number | Barcode | Date last seen | Date checked out | Copy number | Price effective from | Koha item type |
|---|---|---|---|---|---|---|---|---|---|---|---|---|---|---|---|---|
| Library of Congress Classification | Luxembourg Library | Luxembourg Library | High School Section | 08/29/2013 | 1 | 11 | HF 5686 .L732 1985 vol.1 | 9905 | 02/24/2018 | 02/06/2018 | 1 | 08/29/2013 | Books |